|
|
|
|
| LEADER |
01075nam a22002417a 4500 |
| 001 |
38261 |
| 003 |
BD-DhAAL |
| 005 |
20220403103523.0 |
| 008 |
220330t2007 bg ||||| |||| 00| 0 ben d |
| 999 |
|
|
|c 43919
|d 43919
|
| 020 |
|
|
|a 9845000001487
|
| 041 |
|
|
|a BEN
|
| 082 |
|
|
|a 320.95492
|
| 245 |
|
|
|a প্রথম আলোর মুক্ত সংলাপ :
|b পরিবর্তনের হাওয়া /
|c প্রথম আলো
|
| 246 |
|
|
|a Prothom alo-r mukto sanglap :
|b poribortoner hawa /
|
| 260 |
|
|
|a ঢাকা :
|b পাঠসূত্র প্রকাশনী,
|c ২০০৭
|
| 300 |
|
|
|a ১২৩ পৃষ্ঠা ;
|c ২২ সে.মি.
|
| 541 |
|
|
|a Donated by Akbar Ali Khan
|e 38261
|
| 651 |
|
|
|a Bangladesh
|x Politics and government
|9 47549
|
| 710 |
|
|
|a প্রথম আলো
|9 47546
|
| 852 |
|
|
|a Ayesha Abed Library
|c Akbar Ali Khan Collection
|
| 942 |
|
|
|2 ddc
|c BK
|
| 952 |
|
|
|0 0
|1 0
|2 ddc
|4 0
|6 320_954920000000000_PRO
|7 1
|9 70318
|a BRACUL
|b BRACUL
|c CS1
|d 2022-03-30
|e Donated by Akbar Ali Khan
|l 0
|o 320.95492 PRO
|p 3010038261
|r 2022-03-30
|t 1
|w 2022-03-30
|y BK
|